| 000 | 00488nam a2200181Ia 4500 | ||
|---|---|---|---|
| 001 | 24298 | ||
| 005 | 20260414151034.0 | ||
| 008 | 260414t2015||||xx |||||||||||||| ||spa|| | ||
| 041 | _aESP | ||
| 082 |
_a345.2 _bR47B |
||
| 100 |
_aReyna Alfaro, Luis Miguel _eAUT |
||
| 245 | 0 |
_aEl proceso penal acusatorio : _bfundamentos, funcionamiento, cuestiones trascendentes |
|
| 260 | _c2015 | ||
| 300 |
_a347 páginas : _c24 cm. |
||
| 650 | _aDER | ||
| 654 | _aCDE | ||
| 942 |
_cLIB _dJUS _fJUS _2ddc _n |
||
| 999 |
_c24298 _d24298 |
||